| 000 | 01013cab a2200313 4500 | ||
|---|---|---|---|
| 001 | ABS47469 | ||
| 008 | 090401t1992 xxu||||| |||| 00| 0 eng d | ||
| 035 | _a(Sirsi) u62112 | ||
| 041 | _aeng | ||
| 100 | _aBradley, R.I. | ||
| 245 | _aSoil survey and Land Research Centre | ||
| 260 | _c1992 | ||
| 350 | _a0 | ||
| 490 |
_aMapping Awareness _v6(8) October 1992, 47-50(4) |
||
| 520 | _aProfiles the Soil Survey and Land Research Centre `LandIS` computer-based soil information system, expanded to become a national land information system with tha addition of climate and other environmental datasets. | ||
| 650 | _aCOMPUTERS | ||
| 650 | _aGIS | ||
| 650 | _aLAND CAPABILITY | ||
| 650 | _aLANDIS | ||
| 650 | _aPOSTCODES | ||
| 650 | _aSHRINK SWELL POTENTIAL | ||
| 650 | _aSOIL MAPPING | ||
| 650 | _aSOIL SURVEY AND LAND RESEARCH CENTRE | ||
| 650 | _aSOILS | ||
| 690 | _aMANAGEMENT-BUSINESS MANAGEMENT-INFORMATION MANAGEMENT | ||
| 690 | _aLAND SURVEYING | ||
| 942 | _n0 | ||
| 948 | _c04/03/1997 | ||
| 999 |
_c38576 _d38576 |
||